000 00746nam a2200265Ia 4500
005 20250425161746.0
008 250425s9999 xx 000 0 und d
020 _a9684225172
041 _aspa
043 _amx
082 _a628.168
100 _aKEMMER, FRANK N.
245 0 _aMANUAL DEL AGUA: SU NATURALEZA, TRATAMIENTO Y APLICACIONES (TOMO II)
250 _a1A ED.
260 _aMEXICO
260 _aMéxico
_bMCGRAW-HILL
_c1989
500 _aTítulo Traducido: THE NATIONAL WATER HANDBOOK
650 _aADSORCION
650 _aAGUA INDUSTRIAL
650 _aEVAPORACION
650 _aUTILIZACION DEL AGUA
700 _aESPINOSA RUBIO MATILDE EVA; MEDINA NICOLAU FRANCISCO M.
_etraductor
942 _c01
010 _a27968
999 _c215529
_d215529